Family Guy Theme Song Lyrics - Statistics

General Stats
  • This quiz has been taken 84,493 times
  • The average score is 46 of 55
Answer Stats
Lyric % Correct
a
98%
a
98%
a
98%
family
97%
family
97%
guy
97%
guy
97%
and
94%
and
94%
on
94%
on
94%
sex
93%
to
93%
TV
93%
is
92%
all
91%
all
91%
see
90%
violence
90%
It
89%
that
89%
that
89%
we
89%
you
89%
movies
87%
seems
86%
the
86%
us
86%
today 
84%
are
83%
old
83%
values
83%
But
82%
good
82%
rely
82%
used
82%
where
82%
in
81%
which
81%
cry
79%
fashioned
79%
those
79%
He's
77%
laugh
76%
make
71%
there's
69%
there's
69%
Lucky
67%
Lucky
67%
things
67%
can
66%
do
66%
who
66%
man
65%
positively
60%
No matching quizzes found
Score Distribution
Percent of People with Each Score
Percentile by Number Answered
Your Score History
You have not taken this quiz